[Event "Muscat-ch op"]
[Site "Muscat"]
[Date "2024.12.30"]
[Round "7"]
[White "Aditya, Shrivallabha Redij"]
[Black "Jaberi, Valeed"]
[Result "0-1"]
[WhiteElo "1666"]
[BlackElo "1503"]
[PlyCount "116"]
[EventDate "2024.12.26"]
[EventType "swiss"]
[EventRounds "9"]
[EventCountry "OMN"]
[SourceTitle "CB01_2025"]
[SourceDate "2025.01.01"]
[SourceVersion "1"]
[SourceVersionDate "2025.01.01"]
[SourceQuality "1"]

1. d4 Nf6 2. c4 g6 3. Nc3 d5 4. cxd5 Nxd5 5. e4 Nxc3 6. bxc3 Bg7 7. Be3 c5 8. Bb5+ Bd7 9. Bxd7+ Qxd7 10. Nf3 Nc6 11. 0-0 0-0 12. Qd2 f5 13. e5 Rad8 14. Rfd1 a6 15. Bh6 e6 16. Bg5 Rc8 17. Rac1 cxd4 18. cxd4 Ne7 19. Rxc8 Rxc8 20. Bxe7 Qxe7 21. d5 Qd7 22. h3 Qxd5 23. Qxd5 exd5 24. Rxd5 Rc7 25. a4 h6 26. Kf1 Kf7 27. Ke2 Ke6 28. Rd6+ Kf7 29. Kd3 Re7 30. Kd4 Rc7 31. Ne1 Bxe5+ 32. Kxe5 Re7+ 33. Kf4 Rxe1 34. Rd7+ Ke6 35. Rxb7 Re4+ 36. Kf3 Rxa4 37. Rb6+ Kf7 38. Rb7+ Kf6 39. Rb6+ Kg5 40. h4+ Kh5 41. g3 a5 42. Ra6 Ra3+ 43. Kf4 Ra4+ 44. Ke5 Re4+ 45. Kf6 Re2 46. Rxa5 Rxf2 47. Rb5 Rf3 48. g4+ Kxg4 49. Kxg6 h5 50. Ra5 Kxh4 51. Ra4+ f4 52. Ra5 Kg3 53. Rg5+ Kf2 54. Rxh5 Rg3+ 55. Kf5 f3 56. Kf4 Kg2 57. Rh1 f2 58. Rd1 Rf3+ 0-1